Statistics for Animals that Start with E

Click here to take the quiz!

General Stats

  • This quiz has been taken 62,364 times
    (37,365 since last reset)
  • The average score is 9 of 14

Answer Stats

ClueAnimal% Correct
Largest land animalElephant
100%
Bird of prey found on the flags
of 9 countries
Eagle
95%
Large flightless bird of AustraliaEmu
90%
Largest type of penguin{Emperor} Penguin
86%
Moray, for instanceEel
78%
Large type of deerElk
76%
Female sheepEwe
76%
"Shocking" variety of the aboveElectric Eel
71%
It's only a myth that this insect will crawl
into your ear and lay eggs
Earwig
61%
Egg-laying mammal of AustraliaEchidna
42%
Heron with milky white plumesEgret
41%
Stoat whose fur is used by
the British nobility
Ermine
37%
Compost bin denizenEarthworm
34%
Type of large African antelopeEland
21%

Score Distribution

Percentile by Number Answered

Percent of People with Each Score

Your Score History

You have not taken this quiz since the last reset